| 000 | 00540nam a2200181 i 4500 | ||
|---|---|---|---|
| 001 | 70735 | ||
| 003 | ES-MaACL | ||
| 005 | 20230906170914.0 | ||
| 007 | t| | ||
| 008 | 040802s1967 sp ||||1| spa d | ||
| 100 | 1 |
_aGarrett, H. G. _955661 |
|
| 245 | 1 | 0 |
_aHablar bien no cuesta nada / _cH.G. Garrett ; [traducción, Jesús de la Torre]. |
| 250 | _a1ª ed. | ||
| 260 |
_aBarcelona : _bAura, _c[1959] ( _eMadrid : _fFareso) |
||
| 300 |
_a125 p. ; _c18 cm. |
||
| 700 | 1 |
_aTorre, Jesús de la. _9110742 |
|
| 852 |
_aES-MaACL _jC-32856 _bR.63536 |
||
| 999 |
_c70735 _d70735 |
||